César de la meilleure actrice : actualisé 2026 - Statistiques

Statistiques générales
  • Ce quiz a été pris 2 173 fois
    560 depuis la dernière actualisation
  • Le résultat moyen est 36 sur 98
Statistiques - réponses
Années de nomination Actrice % Correct
1976, 1981, 1982, 1988, 1989, 1993, 1994, 1997, 1999, 2011, 2014, 2015, 2016 Catherine Deneuve
90%
1976, 1977, 1982, 1984, 1986, 1989, 1995, 2010 Isabelle Adjani
83%
1978, 1979, 1981, 1982, 1989, 1995, 1996, 1999, 2001, 2002, 2003, 2006, 2016, 2017, 2026 Isabelle Huppert
83%
2008, 2013, 2015, 2017, 2024 Marion Cotillard
77%
2023, 2025 Adèle Exarchopoulos
73%
2017, 2019, 2021, 2022, 2023, 2024 Virginie Efira
70%
1990, 1994, 2004 Josiane Balasko
63%
1986, 1987, 1992, 1993, 1994, 1996, 2001, 2003, 2015, 2018, 2023 Juliette Binoche
61%
1982, 1984, 1997, 2003, 2014, 2023 Fanny Ardant
59%
1988, 1992 Jeanne Moreau
59%
1981, 1983, 1984, 1991, 2000, 2004, 2006 Nathalie Baye
59%
1998, 1999, 2010, 2014, 2015, 2019 Sandrine Kiberlain
59%
1990, 1992, 1993, 1996, 2001 Emmanuelle Béart
58%
2000, 2005, 2012, 2015, 2018, 2020 Karin Viard
58%
2013, 2014, 2022 Léa Seydoux
58%
1983 Simone Signoret
58%
2012, 2022, 2026 Leila Bekhti
57%
1976, 1977, 1979, 1980, 1983 Romy Schneider
57%
2005, 2009 Yolande Moreau
57%
1977, 1979 Annie Girardot
56%
2000, 2002, 2007, 2008, 2009, 2013, 2016 Catherine Frot
56%
2008, 2012, 2017, 2018 Marina Fois
56%
1977, 1978, 1980, 1984, 1987, 1989, 1991, 1994, 1998 Miou Miou
55%
2006, 2022 Valérie Lemercier
55%
2015, 2019, 2020 Adèle Haenel
53%
2002, 2005, 2010 Audrey Tautou
51%
2007, 2007, 2008, 2016, 2019 Cécile de France
50%
1989, 1997, 2007, 2011, 2018 Charlotte Gainsbourg
50%
1988, 1993, 1995 Anémone
48%
2012, 2014 Bérénice Bejo
48%
2000 Vanessa Paradis
48%
1990 Carole Bouquet
47%
1985, 1987, 1990, 1994, 1996, 1998 Sabine Azéma
47%
1986, 1988, 1990, 1995, 1996, 2000 Sandrine Bonnaire
45%
2020 Anais Demoustier
42%
2021, 2022, 2023 Laure Calamy
41%
2002, 2005, 2018 Emmanuelle Devos
40%
1987 Béatrice Dalle
39%
1999, 2019 Élodie Bouchez
39%
2019, 2024, 2026 Léa Drucker
39%
2004, 2009 Sylvie Testud
39%
2003, 2004, 2006, 2008, 2011 Isabelle Carré
38%
1985, 1987 Jane Birkin
38%
2014 Emmanuelle Seigner
37%
2001, 2010 Dominique Blanc
35%
2024, 2025 Hafsia Herzi
35%
1991 Anne Parillaud
32%
1997, 1999 Marie Trintignant
32%
2013 Emmanuelle Riva
31%
2009, 2010, 2011 Kristin Scott Thomas
31%
2018 Jeanne Balibar
30%
2001 Muriel Robin
30%
1979 Anouk Aimée
29%
2015 Emilie Dequenne
29%
1992, 1995 Irène Jacob
29%
2020 Noémie Merlant
29%
1978 Brigitte Fossey
28%
1986, 2002, 2004 Charlotte Rampling
28%
2020 Eva Green
28%
2024 Sandra Huller
28%
2011, 2014 Sara Forestier
28%
2022, 2026 Valéria Bruni Tedeschi
28%
1998, 2003, 2012 Ariane Ascaride
27%
2016 Emmanuelle Bercot
27%
1981, 1983, 1984, 1986 Nicole Garcia
27%
2013, 2025 Hélène Vincent
26%
2007 Marina Hands
26%
1985 Valérie Kaprisky
26%
2020 Chiara Mastroianni
24%
2019, 2026 Mélanie Thierry
24%
2013 Noémie Lvovsky
23%
1992, 1994, 1997 Anouk Grinberg
22%
2018, 2020 Doria Tillier
22%
1998, 2012 Marie Gillain
22%
1991 Anne Brochet
21%
2021 Camélia Jordana
21%
1976, 1978 Delphine Seyrig
21%
2013 Corinne Masiero
20%
1985 Pascale Ogier
20%
1993 Caroline Cellier
19%
1991 Tsilla Chelton
18%
2025 Zoe Saldana
18%
2006 Anne Consigny
17%
1980, 1988 Nastassja Kinski
17%
2009 Tilda Swinton
16%
1980 Dominique Laffin
15%
2005 Maggie Cheung
15%
2017 Soko
15%
2016 Soria Zeroual
15%
2012 Valérie Donzelli
15%
2022 Vicky Krieps
15%
1985 Julia Migenes
14%
2025 Karla Sofia Gascon
14%
2016 Loubna Abidar
14%
2021 Martine Chevallier
11%
2017 Sidse Babett Knudsen
11%
2021 Barbara Sukowa
10%
2017 Judith Chemla
9%
Aucun quiz correspondant
Distribution des résultats
% des personnes avec chaque résultat
Percentile par nombre de réponses
Votre historique - résultats
Vous n’avez pas pris ce quiz depuis la dernière actualisation